000 002770000a22000970004500
100 1 _aPorras, Aristómeno
245 1 0 _aAndrés Bello : Su amor a las sagradas escrituras
300 _aVol. 53, Núm 236 (1998), Páginas 21-22
773 0 _tLa Biblia de las Américas
942 _cANA
999 _c51490
_d51490